Complete the prequel meme - Statistics

General Stats
  • This quiz has been taken 159 times
  • The average score is 27 of 40
Answer Stats
Quote Speaker Answer % Correct
"It's over, Anakin! I have the ____ _____!" Obi-Wan Kenobi High Ground
98%
"This is where the ___ begins!" Anakin Skywalker Fun
97%
"The ability to speak doesn't make you ___________." Qui-Gon Jinn Intelligent
93%
"You _____________ my power!" Anakin Skywalker / Darth Vader Underestimate
90%
"Your lightsabers will make a fine addition to my __________." General Grievous Collection
87%
"He's too _________ to be left alive!" Mace Windu Dangerous
87%
"Did you ever hear the _______ of Darth Plagueis the Wise?" Sheev Palpatine Tragedy
86%
"There's always a bigger ____." Qui-Gon Jinn Fish
85%
"Master Skywalker, there are ___ ____ of them. What are we going to do?" Sors Bandeam Too many
85%
"How can you be on the council, and not be a ______?" Anakin Skywalker Master
83%
"You're going down a ____ I can't follow." Padmé Amidala Path
83%
"I've been looking _______ to this!" Count Dooku Forward
82%
"Is it possible to learn this _____?" Anakin Skywalker Power
82%
"Not to worry, we are still flying ____ a ship!" Obi-Wan Kenobi Half
80%
"Impossible. Perhaps the ________ are incomplete." Obi-Wan Kenobi Archives
77%
"Another happy _______." Obi-Wan Kenobi Landing
77%
"We will watch your career with _____ ________." Sheev Palpatine Great interest
76%
"Take a ____, young Skywalker." Mace Windu Seat
75%
"POWEEEEEER! _________ POWEEEEEEEEEER!!!!!" Darth Sidious UNLIMITED
74%
"This is getting out of hand. Now there are ___ __ ____!" Nute Gunray Two of them
72%
"Hold on, this whole operation was ____ ____." Anakin Skywalker Your idea
72%
"I'm just a simple man trying to make my way in the ________." Jango Fett Universe
69%
"Jedi business. Go back to your ______." Anakin Skywalker Drinks
67%
"She can't do that! _____ her, or something!" Nute Gunray Shoot
65%
"200,000 units are ready, with a _______ more well on the way" Lama Su Million
64%
"So this is how liberty dies, with __________ ________." Padmé Amidala Thunderous applause
62%
"I'm ___ ____! *whimpering* Don't kill me! Please!" Darth Sidious Too weak
61%
"I'll try spinning, that's a ____ _____!" Anakin Skywalker Good trick
60%
"Oh no, I'm not brave enough for ________." Obi-Wan Kenobi Politics
59%
"Use my _________, I beg you." Sheev Palpatine Knowledge
55%
"Crush them! Make them ______!" General Grievous Suffer
55%
"Time to _______ ____!" General Grievous Abandon ship
50%
"_____ ___, or we'll never make it." Sheev Palpatine Leave him
44%
"Alright, R4... no no no no, NOOO, nothing too _____!" Obi-Wan Kenobi Fancy
43%
"He owes me what you call a ____-____." Qui-Gon Jinn Life debt
43%
"What about the droid attack on the ________?" Ki-Adi-Mundi Wookiees
40%
"As you see, my ____ ______ are far beyond yours." Count Dooku Jedi powers
24%
"If one is to understand the _____ _______, one must study all of its aspects." Sheev Palpatine Great mystery
19%
"It is critical we send an ______ _____ there immediately." Mace Windu Attack group
18%
"We should not have made this _______." Rune Haako Bargain
16%
No matching quizzes found
Score Distribution
Percent of People with Each Score
Percentile by Number Answered
Your Score History
You have not taken this quiz